Normal view
MARC view
- Harper, Charles A
Entry Personal Name
001 - CONTROL NUMBER
- control field: 85089
003 - CONTROL NUMBER IDENTIFIER
- control field: NUST
005 - DATE AND TIME OF LATEST TRANSACTION
- control field: 20211125104409.0
008 - FIXED-LENGTH DATA ELEMENTS
- fixed length control field: 211125|| aca||aabn | a|a d
040 ## - CATALOGING SOURCE
- Original cataloging agency: NUST
- Transcribing agency: NUST
100 ## - HEADING--PERSONAL NAME
- Personal name: Harper, Charles A
670 ## - SOURCE DATA FOUND
- Source citation: Work cat.: (NUST)32116: Harper, Charles A., Plastics Materials and Processes :, c2003.
